Statistics for Belgium in Eurovision - 12 points

Click here to take the quiz!

General Stats

  • This quiz has been taken 11 times
    (3 since last reset)
  • The average score is 70 of 78

Answer Stats

HintAnswer% Correct
2016 (Jury)Australia
100%
2019 SF (Jury)Australia
100%
2016 SF (Jury)Australia
100%
1989Austria
100%
2023 (Jury)Austria
100%
2018 (Jury)Austria
100%
2018 SF (Jury)Austria
100%
2014Austria
100%
1981Denmark
100%
2023 (Televote)Finland
100%
2021 (Televote)France
100%
2011France
100%
2010Greece
100%
2005Greece
100%
2010 SFIceland
100%
2019 (Jury)Italy
100%
2000Latvia
100%
2021 SF (Televote)Malta
100%
2013Netherlands
100%
2005 SFNetherlands
100%
2013 SFNetherlands
100%
2018 (Televote)Netherlands
100%
2019 (Televote)Netherlands
100%
1998Netherlands
100%
1999Netherlands
100%
2004 SFNetherlands
100%
1985Norway
100%
2016 SF (Televote)Poland
100%
2022 SF (Televote)Poland
100%
2016 (Televote)Poland
100%
2002Spain
100%
1979Spain
100%
1995Spain
100%
2011 SFSweden
100%
2015Sweden
100%
2017 SF (Jury)Sweden
100%
2017 (Jury)Sweden
100%
1996 QRSweden
100%
2012Sweden
100%
1982Switzerland
100%
1991Switzerland
100%
2021 (Jury)Switzerland
100%
1986Switzerland
100%
2004Turkey
100%
2009Turkey
100%
2009 SFTurkey
100%
2007Turkey
100%
2003Turkey
100%
2007 SFTurkey
100%
2022 (Televote)Ukraine
100%
2022 (Jury)United Kingdom
100%
1977United Kingdom
100%
1990United Kingdom
100%
1992United Kingdom
100%
1993United Kingdom
100%
1996United Kingdom
100%
1988United Kingdom
100%
1976United Kingdom
100%
2008Armenia
67%
2008 SFArmenia
67%
2015 SFArmenia
67%
2023 SF (Televote)Armenia
67%
2006 SFArmenia
67%
2006Armenia
67%
2019 SF (Televote)Estonia
67%
1975Ireland
67%
1984Ireland
67%
1987Ireland
67%
1980Ireland
67%
2018 SF (Televote)Ireland
67%
1978Israel
67%
2017 (Televote)Portugal
67%
2017 SF (Televote)Portugal
67%
2021 SF (Jury)Russia
67%
2012 SFRussia
67%
2014 SFHungary
33%
2022 SF (Jury)San Marino
33%
1983Yugoslavia
33%

Score Distribution

Percentile by Number Answered

Percent of People with Each Score

Your Score History

You have not taken this quiz since the last reset